| 000 | 00578nam a2200181Ia 4500 | ||
|---|---|---|---|
| 008 | 100921s9999 xx 000 0 und d | ||
| 082 |
_b19677 _a891.463 थ 85 |
||
| 100 | _aयादव राजेंद्र. | ||
| 245 | _aसारे आकाश. | ||
| 260 |
_bसुपर्ण प्रकाशन,पुणे. _c1985 |
||
| 300 |
_a190 _b--- |
||
| 365 | _b45 | ||
| 520 | _aललित-कादंबरी. | ||
| 630 | _aसारे आकाश. | ||
| 650 | _aललित-कादंबरी. | ||
| 730 | _aसारे आकाश. | ||
| 942 | _cBOOK | ||
| 999 |
_c768790 _d768787 |
||